DTLR publish 'Empty Homes' report (Record no. 69902)
[ view plain ]
| 000 -LEADER | |
|---|---|
| fixed length control field | 01062cam a2200229 4500 |
| 001 - CONTROL NUMBER | |
| control field | WB3812-14 |
| 008 - FIXED-LENGTH DATA ELEMENTS--GENERAL INFORMATION | |
| fixed length control field | 020403n2002 000 0 eng u |
| 035 ## - SYSTEM CONTROL NUMBER | |
| System control number | (Sirsi) u117334 |
| 245 ## - TITLE STATEMENT | |
| Title | DTLR publish 'Empty Homes' report |
| 260 ## - PUBLICATION, DISTRIBUTION, ETC. | |
| Date of publication, distribution, etc. | 2002 |
| 490 ## - SERIES STATEMENT | |
| Series statement | Urban Environment Today |
| Volume/sequential designation | (143) 21 March 2002, 3 |
| 490 ## - SERIES STATEMENT | |
| Series statement | Regeneration and Renewal |
| Volume/sequential designation | 22 March 2002, 3(2) |
| 520 ## - SUMMARY, ETC. | |
| Summary, etc. | A DTLR committee published a report on Empty Homes on 20 March 2002. It recommends local authorities and regional development agencies make conurbation-wide interventions to address the large volume of empty homes across the country in preference to tightly focussed initiatives. Full report available at:- http://www.publications.parliament.uk/pa/cm200102/cmselect/cmtlgr/240/24002.htm or from The Stationery Office t 0870 600 5522. |
| 590 ## - LOCAL NOTE (RLIN) | |
| Local note | WB |
| 650 ## - SUBJECT ADDED ENTRY--TOPICAL TERM | |
| Topical term or geographic name entry element | REGIONAL DEVELOPMENT AGENCIES |
| 650 ## - SUBJECT ADDED ENTRY--TOPICAL TERM | |
| Topical term or geographic name entry element | EMPTY HOMES |
| 650 ## - SUBJECT ADDED ENTRY--TOPICAL TERM | |
| Topical term or geographic name entry element | URBAN REGENERATION |
| 650 ## - SUBJECT ADDED ENTRY--TOPICAL TERM | |
| Topical term or geographic name entry element | GREENFIELD DEVELOPMENT |
| 650 ## - SUBJECT ADDED ENTRY--TOPICAL TERM | |
| Topical term or geographic name entry element | HOUSING MARKET |
| 690 ## - LOCAL SUBJECT ADDED ENTRY--TOPICAL TERM (OCLC, RLIN) | |
| Topical term or geographic name as entry element | HOUSING-DEVELOPMENT |
| 942 ## - ADDED ENTRY ELEMENTS (KOHA) | |
| Suppress in OPAC | 0 |
| Withdrawn status | Lost status | Source of classification or shelving scheme | Damaged status | Not for loan | Home library | Current library | Shelving location | Date acquired | Total Checkouts | Full call number | Barcode | Date last seen | Copy number | Price effective from | Koha item type |
|---|---|---|---|---|---|---|---|---|---|---|---|---|---|---|---|
| Dewey Decimal Classification | London | London | News article | 03/04/2002 | WB3812-14 | 117334-1001 | 06/08/2019 | 1 | 06/08/2019 | News article |